Регионална библиотека "Любен Каравелов" - Русе

Математически състезания в текстове и задачи (Запис номер 55349)

MARC детайли
000 -Лидер
Контролно поле с фиксирана дължина 01705nam a2200385 c 4500
003 - Код на организацията, давaща контролен номер
Контролно поле BLK
005 - Дата и час на последна редакция
Контролно поле 20180422101907.0
008 - Елементи от данни с фиксирана дължина
fixed length control field 180408b bul|||||r ||||||| ||bul||
010 ## - Наследен системен номер
LC control number KNG00059317000
020 ## - Международен стандартен номер на книга ISBN
Международен стандартен номер на книга ISBN 954-745-075-1
-- издат.: Регалия 6 - на том(ч. 2)
040 ## - Източник на каталожния запис
Идентификатор на билиотеката - собственик на записа BLK
041 ## - Код за език
Код за езика на текст/звукозапис или на отделно заглавие Български
Код за езика КДБФ Български
080 ## - УДК
Текстов определител УДК Основи на математиката в основното образование
УДК код - определител по УДК 372.47
УДК определител (076)(075.2)
УДК - код + определител 372.47(076)(075.2)
080 ## - УДК
Текстов определител УДК Методика на математиката
УДК код - определител по УДК 372.851
УДК определител (076)(075.2)
УДК - код + определител 372.851(076)(075.2)
139 ## - Редно поле
Редна дума Математически състезания в текстове и задачи
Авторски знак Мате - М 39
245 10 - Сведения за заглавието
Заглавие Математически състезания в текстове и задачи
Подзаглавни данни ІІ - VІІ кл. : Ч. 1 - 2
Редно поле (дума) състав. Димитър Георгиев Димитров.
Том Ч. 2
Заглавие на том V - VІІ клас
257 ## - Страна на издаване
Страна на създаване/издаване България
260 ## - Област на издателските данни
-- София
Година на издаване 2003 -
300 ## - Физическа характеристика
Размери/Мащаб 24 см
380 ## - Жанр
Жанр Обществени науки
650 #4 - Допълнително описание по предмет – тема
Основно описание – тема или топоним Математика - задачи - учебници за основни училища
9 (RLIN) 242716
653 ## - Ключова дума – ненормативна
Ключова дума математика
653 ## - Ключова дума – ненормативна
Ключова дума математически състезания
653 ## - Ключова дума – ненормативна
Ключова дума задачи
653 ## - Ключова дума – ненормативна
Ключова дума тестове
653 ## - Ключова дума – ненормативна
Ключова дума учебни помагала
653 ## - Ключова дума – ненормативна
Ключова дума V кл. - VІІ кл.
700 1# - Други автори (авторска отговорност)
Лично име Димитров, Димитър Георгиев
Автороска отговорност (Описва отношението между автора и произведението) състав.
9 (RLIN) 364131
760 1# - Описание на основната серия
-- - на том(ч. 2)
Място на издаване, издател и година Регалия 6, 2005
Страници - том 224 с. : с черт.
Заглавие Ч. 2 V - VІІ клас
852 ## - Местоположение
Форматна сигнатура Цб 217149
856 4# - Електронен адрес и достъп
Електронен формат pdf - файл
Път до файла /url/
856 4# - Електронен адрес и достъп
Електронен формат pdf - файл
Път до файла /url/
942 ## - АРТИКУЛИ
Вид на библиотечния материал Книги
Скрит в OPAC Не
944 ## - СЪЗДАВАНЕ И РЕДАКЦИЯ на ЗАПИСА
Създаване/Редакция Създаване
Дата на регистрацията/редакция 04.05.2006
Служител, извършил регистрацията/редакцията Виолета_Тройчева
944 ## - СЪЗДАВАНЕ И РЕДАКЦИЯ на ЗАПИСА
Създаване/Редакция Редакция
Дата на регистрацията/редакция 17.09.2014
Служител, извършил регистрацията/редакцията
999 ## - СИСТЕМНИ КОНТРОЛНИ НОМЕРА
Koha biblionumber 55349
Koha biblioitemnumber 55349
Наличности
Код за отписване Код за изгубен артикул Код за повреда Коз за рестрикции Код за отдаване Артикулен № Име на библиотеката - собственик Име на библиотеката, в която се намира в момента Статус (Текущо местоположение) Дата на вписване в системата Местоположение - отдел Цена в лева Инвентарен номер Систематично азбучна сигнатура Баркод Номер на екземпляра Цена в евро Служебна бележка Служебен тип на артикула
  Не е изгубен Не е повреден без рестрикции ползва се в читалня 87100 Регионална библиотека "Любен Каравелов" Русе Регионална библиотека "Любен Каравелов" Русе Хранилище 2006-05-08 Хранилище 6.00 120000701741 Цб 217149 120000701741 1 3.07 Дост: Dp Вид: Д N: 14 Дата: 23.03.2005 Книги
Vip Innovations Ltd, Rousse, Bulgaria 2025